11 Ideal de cada Mundial de Fútbol - Estadísticas

Estadísticas generales
  • Esta prueba ha sido intentada 1.130 veces
  • La puntuación promedio es 23 de 110
Estadísticas de respuestas
Respuesta % Correcto
Messi
98%
Mbappe
86%
Cristiano Ronaldo
82%
Casillas
77%
Iniesta
75%
Ronaldo
75%
Xavi
71%
Neuer
65%
Sergio Ramos
60%
Villa
59%
Lloris
57%
Puyol
57%
Zidane
54%
Modric
52%
Griezmann
47%
Maradona
47%
Neymar
45%
Muller
42%
Ronaldinho
42%
Buffon
41%
Klose
38%
Forlán
34%
Kroos
34%
Robben
34%
Cannavaro
30%
Bono
29%
Rivaldo
24%
Lahm
21%
Oliver Kahn
21%
Roberto Carlos
21%
Varane
19%
Baggio
18%
Hakimi
18%
Kaká
18%
Maldini
18%
Sneijder
18%
MacAllister
17%
Romario
16%
Hazard
13%
Barthez
9%
Hummels
9%
Amrabat
7%
Matthäus
7%
Platini
7%
Nesta
6%
Schweinsteiger
4%
Theo Hernández
4%
Thuram
4%
Ballack
3%
Baresi
3%
Burruchaga
3%
Lineker
3%
Ruggeri
3%
Thiago Silva
3%
Drogba
2%
Gerrard
2%
Hierro
2%
Julio Cesar
2%
Maicon
2%
Rabiot
2%
Bergkamp
1%
Brehme
1%
Butragueño
1%
Caniggia
1%
Davids
1%
Dunga
1%
Gakpo
1%
Hagi
1%
Laudrup
1%
Lovren
1%
Maguire
1%
Oscar
1%
Rojo
1%
Schillaci
1%
Stoichkov
1%
Stones
1%
Terry
1%
Trippier
1%
Amorós
0%
Balakov
0%
Brolin
0%
Campbell
0%
De Boer
0%
De Vrij
0%
Gamarra
0%
Gascoigne
0%
Goycoechea
0%
Jorginho
0%
Josimar
0%
Kholer
0%
Luis Fernández
0%
Marcia Santos
0%
Oralan
0%
Parker
0%
Paulinho
0%
Pfaff
0%
Preud'homme
0%
Scifo
0%
Skuhravy
0%
Yoo Sang-Chul
0%
Young
0%
No se encontraron pruebas coincidentes
Distribución de puntuación
Porcentaje de gente con cada puntuación
Porcentaje por número respondido
Historial de tus puntuaciones
No has intentado esta prueba.